[Event "GER-chT North U14"]
[Site "Magdeburg"]
[Date "2013.09.14"]
[Round "5.4"]
[White "Fronius, Thies"]
[Black "Troemer, Felix"]
[Result "0-1"]
[WhiteElo "1436"]
[BlackElo "1162"]
[PlyCount "84"]
[EventDate "2013.09.12"]
[EventType "team-swiss"]
[EventRounds "7"]
[EventCountry "GER"]
[SourceTitle "EXT 2014"]
[Source "ChessBase"]
[SourceDate "2013.11.20"]
[SourceVersion "1"]
[SourceVersionDate "2013.11.20"]
[SourceQuality "1"]
[WhiteTeam "Kiel Doppelbauer"]
[BlackTeam "Torgelow"]
[WhiteTeamCountry "GER"]
[BlackTeamCountry "GER"]

1. e4 d5 2. exd5 Qxd5 3. Nc3 Qa5 4. d4 c6 5. Nf3 Nf6 6. Bc4 Bf5 7. 0-0 e6 8. Bd2 Qc7 9. Ne5 Bd6 10. f4 0-0 11. g4 Bxe5 12. fxe5 Nxg4 13. h3 Nxe5 14. dxe5 Qxe5 15. Bf4 Qc5+ 16. Kh2 Qxc4 17. Qd2 Na6 18. Rg1 Rad8 19. Qe3 Rd7 20. Bh6 Bg6 21. Bf4 Rfd8 22. Rg2 Nb4 23. b3 Qa6 24. Rc1 Nd5 25. Qf3 Qa5 26. Nxd5 Qxd5 27. Qxd5 Rxd5 28. Rcg1 e5 29. Be3 a6 30. h4 h5 31. Bg5 R8d7 32. Re2 Bf5 33. Ree1 Bxc2 34. Bf6 Bg6 35. Bxe5 Re7 36. Bg3 Rxe1 37. Rxe1 Rd2+ 38. Kg1 Kf8 39. a4 f6 40. Bf2 Rd5 41. b4 Kf7 42. Re3 Re5 0-1

[Event "GER-chT North U14"]
[Site "Magdeburg"]
[Date "2013.09.13"]
[Round "4.4"]
[White "Schupp, Tim Benjamin"]
[Black "Fronius, Thies"]
[Result "1/2-1/2"]
[WhiteElo "1278"]
[BlackElo "1436"]
[PlyCount "63"]
[EventDate "2013.09.12"]
[EventType "team-swiss"]
[EventRounds "7"]
[EventCountry "GER"]
[SourceTitle "EXT 2014"]
[Source "ChessBase"]
[SourceDate "2013.11.20"]
[SourceVersion "1"]
[SourceVersionDate "2013.11.20"]
[SourceQuality "1"]
[WhiteTeam "Bremen Nord"]
[BlackTeam "Kiel Doppelbauer"]
[WhiteTeamCountry "GER"]
[BlackTeamCountry "GER"]

1. e4 e5 2. Nf3 Nc6 3. Bc4 Nf6 4. Nc3 h6 5. 0-0 Bc5 6. d3 d6 7. Qe2 Bg4 8. Be3 Nd4 9. Bxd4 Bxd4 10. h3 Bxf3 11. Qxf3 0-0 12. Nd5 Nxd5 13. Bxd5 c6 14. Bc4 b5 15. c3 Bb6 16. Bb3 Qd7 17. Rfe1 Kh8 18. Re2 Rad8 19. Rd1 c5 20. Kh1 f5 21. exf5 Qxf5 22. Qxf5 Rxf5 23. c4 a6 24. Bc2 Rf6 25. Rf1 g6 26. Re4 Rdf8 27. f3 Rf4 28. Rfe1 Rxe4 29. Rxe4 Bc7 30. Rg4 Rg8 31. Re4 Rd8 32. Bb3 1/2-1/2